Vista normal
Vista MARC
Entrada Topical Term
Número de registros utilizados en: 1
001 - CONTROL NUMBER
- control field: 36647
003 - CONTROL NUMBER IDENTIFIER
- control field: OSt
005 - DATE AND TIME OF LATEST TRANSACTION
- control field: 20210406182456.0
008 - FIXED-LENGTH DATA ELEMENTS
- fixed length control field: 210406|| aca||aabn | a|a d
040 ## - CATALOGING SOURCE
- Original cataloging agency: OSt
- Transcribing agency: OSt
150 ## - HEADING--TOPICAL TERM
- Topical term or geographic name entry element: Urbanismo
- Geographic subdivision: Bogotá (Colombia)
670 ## - SOURCE DATA FOUND
- Source citation: Work cat.: (OSt): Fainboim, Israel, editor 36645, Planeación urbana e instituciones presupuestales / , 2000